Playwright Marries Character Quiz Stats

 Plays Quiz Updated Mar 30, 2020

Support Sporcle.
Go Orange.
Score 0/24 Timer 06:00
0 Plays Today
Married Name Play % Correct
William CapuletRomeo and Juliet
98.8%
J.M. PanPeter Pan
82.6%
Arthur LomanDeath of a Salesman
78.1%
Tennessee DuBoisA Streetcar Named Desire
77.2%
Lionel TwistOliver!
67.6%
Edmund de BergeracCyrano de Bergerac
65.1%
George Bernard DoolittlePygmalion
64.6%
Peter MozartAmadeus
61.2%
Tom GuildensternRosencrantz and Guildenstern Are Dead
54.7%
Henrik GyntPeer Gynt
50.4%
Oscar WorthingThe Importance of Being Earnest
48.8%
Christopher FaustusDoctor Faustus
47.4%
Married Name Play % Correct
Neil UngarThe Odd Couple
45.5%
Mel BialystockThe Producers
44.8%
Thornton GibbsOur Town
40.6%
Peter NixonFrost/Nixon
34.6%
Bernard MerrickThe Elephant Man
33.2%
Eric GalahadMonty Python's Spamalot
31.4%
William KellerThe Miracle Worker
31%
Agatha RalstonThe Mousetrap
25.6%
Eugene TyroneLong Day's Journey Into Night
22.6%
Richard FurterThe Rocky Horror Picture Show
21.6%
Jean-Paul GarcinNo Exit
19.8%
Willy ValentineShirley Valentine
13.9%

You're not logged in!

Compare scores with friends on all Sporcle quizzes.
OR
Log In

From the Vault

NFL Receiving Yard Leaders (Non-WRs)

by naqwerty3

Finally, we give NFL tight ends a little recognition on Sporcle.
Remove Ads.
Support Sporcle.
Get the best of Sporcle when you Go Orange. This ad-free experience offers more features, more stats, and more fun while also helping to support Sporcle. Thank you for becoming a member.

Show Comments

Extras

Top Quizzes Today


Score Distribution

Your Account Isn't Verified!

In order to create a playlist on Sporcle, you need to verify the email address you used during registration. Go to your Sporcle Settings to finish the process.

Report this User

Report this user for behavior that violates our Community Guidelines.

Details: